Score 0/50 Timer 07:00
1 Play Today
% Correct
Alaska
Sarah Palin
96.6%
California
Arnold
Schwarzenegger
96.5%
Texas
George W. Bush
96%
Illinois
Barack Obama
88.2%
New Jersey
Chris Christie
87.9%
Florida
Jeb Bush
82.4%
Arkansas
Bill Clinton
82.3%
Georgia
Jimmy Carter
82.1%
Vermont
Bernie Sanders
79.8%
New York
Franklin D. Roosevelt
76.2%
Arizona
Gabrielle Giffords
76%
Virginia
James Monroe
72.9%
Massachusetts
Elizabeth Warren
70.9%
Minnesota
Jesse Ventura
70%
Delaware
Joe Biden
67%
Alabama
George Wallace
66.7%
Missouri
Harry Truman
65.1%
Hawaii
Daniel Inouye
64.4%
Michigan
Gerald Ford
63.5%
Nevada
Harry Reid
63.4%
Utah
Orrin Hatch
61.9%
Iowa
Chuck Grassley
61%
Ohio
John Glenn
60.3%
South Carolina
Strom Thurmond
59.2%
Connecticut
Joe Lieberman
55.8%
% Correct
Kansas
Bob Dole
55.6%
Louisiana
Huey Long
55.2%
Wyoming
Dick Cheney
54.5%
Wisconsin
Joseph McCarthy
54.1%
Tennessee
Davy Crockett
54.1%
New Mexico
Bill Richardson
53.4%
Maryland
Martin O'Malley
53.4%
Indiana
Dan Quayle
52.1%
Pennsylvania
Arlen Specter
51.5%
West Virginia
Robert Byrd
47.7%
Maine
Olympia Snowe
46.9%
Kentucky
Henry Clay
44.2%
Washington
Patty Murray
43.3%
Oklahoma
James Inhofe
43.1%
Mississippi
Jefferson Davis
41.4%
Rhode Island
Lincoln Chafee
41.2%
Montana
Jeannette Rankin
40.5%
Colorado
Gary Hart
39.8%
New Hampshire
Franklin Pierce
38.8%
North Carolina
Elizabeth Dole
38.3%
Oregon
Kate Brown
37.5%
North Dakota
Byron Dorgan
35%
Idaho
Larry Craig
33.9%
South Dakota
George McGovern
33.4%
Nebraska
William Jennings Bryan
31.4%
Remove Ads.
Support Sporcle.
Get the best of Sporcle when you Go Orange. This ad-free experience offers more features, more stats, and more fun while also helping to support Sporcle. Thank you for becoming a member.

You're not logged in!

Compare scores with friends on all Sporcle quizzes.
OR
Log In

Show Comments

Extras

Top Quizzes Today


Score Distribution

Your Account Isn't Verified!

In order to create a playlist on Sporcle, you need to verify the email address you used during registration. Go to your Sporcle Settings to finish the process.

Report this User

Report this user for behavior that violates our Community Guidelines.

Details: